000 00617cab a2200229 4500
001 WB3521-34
008 090401t1999 xxu||||| |||| 00| 0 eng d
035 _a(Sirsi) u93757
041 _aeng
245 _aRoyal assent
260 _c1999
350 _a0
490 _aDETR News Release
_v(524) 28 May 1999 (1)
520 _aThe Rating (Valuation) Act received Royal Assent on 28 May 1999.
650 _aRATING (VALUATION) ACT 1999
650 _aRATING (VALUATION) BILL
650 _aRATING LISTS
650 _aRATING REVALUATION
690 _aRATING AND VALUATION
942 _n0
948 _c03/06/1999
999 _c59430
_d59430